[Event "Hastings Masters 2019/20"]
[Site "Hastings"]
[Date "2020.01.01"]
[Round "5.9"]
[White "Kantor, Gergely"]
[Black "Rudd, Jack"]
[Result "1-0"]
[WhiteElo "2541"]
[BlackElo "2331"]
[PlyCount "57"]
[EventDate "2019.12.28"]
[EventType "swiss"]
[EventRounds "9"]
[EventCountry "ENG"]

1. d4 Nf6 2. c4 g6 3. Nc3 Bg7 4. e4 d6 5. h3 Nbd7 6. Bg5 c6 7. Nf3 e5 8. d5 c5
9. Be2 h6 10. Be3 a6 11. Nd2 O-O 12. g4 g5 13. h4 Nh7 14. hxg5 hxg5 15. Nf1 Re8
16. Ng3 Ndf8 17. Qd2 Ng6 18. f3 Nf4 19. Bf1 Nf8 20. Qh2 N8g6 21. Nf5 Bxf5 22.
Qh7+ Kf8 23. exf5 e4 24. fxg6 exf3 25. gxf7 Rxe3+ 26. Kd2 Qf6 27. Kxe3 Ng6 28.
Kd2 Kxf7 29. Bd3 1-0

[Event "Hastings Masters 2019/20"]
[Site "Hastings"]
[Date "2020.01.01"]
[Round "5.10"]
[White "Gormally, Daniel W"]
[Black "Grieve, Harry"]
[Result "0-1"]
[WhiteElo "2497"]
[BlackElo "2299"]
[PlyCount "86"]
[EventDate "2019.12.28"]
[EventType "swiss"]
[EventRounds "9"]
[EventCountry "ENG"]

1. d4 f5 2. Bg5 h6 3. Bh4 g5 4. e3 Nf6 5. Bg3 d6 6. h4 Rg8 7. hxg5 hxg5 8. Nc3
e6 9. Qd2 Qe7 10. O-O-O Nc6 11. f3 Bd7 12. e4 fxe4 13. fxe4 O-O-O 14. d5 exd5
15. exd5 Ne5 16. Nf3 Nxf3 17. gxf3 Kb8 18. Nb5 Bxb5 19. Bxb5 Nd7 20. Rhe1 Qf6
21. Re6 Qf7 22. Kb1 Bg7 23. Qe3 Be5 24. Bxd7 Bxg3 25. Re7 Bf2 26. Qe2 Qf6 27.
Bg4 Bb6 28. Rd3 Rh8 29. a3 a6 30. Rb3 Qd4 31. Rd3 Rh1+ 32. Ka2 Qg1 33. Rd2 Qa1+
34. Kb3 Rb1 35. c3 Bc5 36. Kc4 Qa2+ 37. Kd3 Qxd5+ 38. Kc2 Qa2 39. Kd3 Qd5+ 40.
Kc2 Qa2 41. Kd3 Rc1 42. Qe6 d5 43. Rd7 Qc4# 0-1

[Event "Hastings Masters 2019/20"]
[Site "Hastings"]
[Date "2020.01.01"]
[Round "5.11"]
[White "Arkell, Keith C"]
[Black "Yao, Lan"]
[Result "1/2-1/2"]
[WhiteElo "2453"]
[BlackElo "2281"]
[PlyCount "154"]
[EventDate "2019.12.28"]
[EventType "swiss"]
[EventRounds "9"]
[EventCountry "ENG"]

1. Nf3 Nf6 2. d4 e6 3. c3 b6 4. Bg5 Bb7 5. Nbd2 d5 6. e3 Be7 7. Ne5 O-O 8. Bd3
Ne4 9. Bxe7 Qxe7 10. Qc2 f6 11. Nef3 f5 12. Ne5 c5 13. O-O Nxd2 14. Qxd2 Ba6
15. Bxa6 Nxa6 16. a4 Nb8 17. b4 Nd7 18. Nxd7 Qxd7 19. dxc5 bxc5 20. b5 Rfd8 21.
c4 dxc4 22. Qc3 Qd3 23. Rfc1 Qxc3 24. Rxc3 a6 25. b6 a5 26. Rb1 Rab8 27. g3 Rd6
28. Rxc4 Rdxb6 29. Rxb6 Rxb6 30. Rxc5 Ra6 31. Kg2 Kf7 32. h3 Kf6 33. g4 g6 34.
Kg3 h6 35. h4 Ra7 36. f4 fxg4 37. Kxg4 Ra6 38. h5 Ra8 39. hxg6 Kxg6 40. Rc6 Kf7
41. Rc5 Kg6 42. Re5 Ra6 43. Kh4 Kf6 44. Kh5 Ra8 45. Rb5 Kg7 46. Rb6 Kf6 47. Rb5
Kg7 48. Kg4 Kg6 49. e4 Ra6 50. Re5 Kf6 51. Kf3 Ra8 52. Ke2 Ra7 53. Rc5 Ra8 54.
Ke3 Ra6 55. Kf3 Kf7 56. Ke2 Kf6 57. Kd3 Rd6+ 58. Kc4 Ra6 59. Kb5 Ra8 60. Kb6
Kg6 61. Re5 Kf6 62. Rh5 Kg6 63. Rh2 h5 64. Rg2+ Kf6 65. Rg5 Rh8 66. e5+ Kf7 67.
Kc7 h4 68. Kd7 h3 69. f5 exf5 70. Rxf5+ Kg6 71. Rf1 Rh4 72. e6 Rxa4 73. Re1
Rd4+ 74. Kc6 Rc4+ 75. Kd5 Rc8 76. e7 Re8 77. Ke6 Kg5 1/2-1/2

[Event "Hastings Masters 2019/20"]
[Site "Hastings"]
[Date "2020.01.01"]
[Round "5.12"]
[White "Fishbein, Alexander"]
[Black "Merriman, John"]
[Result "1/2-1/2"]
[WhiteElo "2435"]
[BlackElo "2219"]
[PlyCount "86"]
[EventDate "2019.12.28"]
[EventType "swiss"]
[EventRounds "9"]
[EventCountry "ENG"]

1. Nf3 d5 2. c4 d4 3. g3 c5 4. Bg2 Nc6 5. O-O e5 6. d3 Nge7 7. e3 Ng6 8. exd4
cxd4 9. Re1 f6 10. h4 Be7 11. h5 Nf8 12. Nh4 g5 13. hxg6 hxg6 14. a3 g5 15. Nf3
a5 16. Nbd2 Ng6 17. Rb1 Bh3 18. Bxh3 Rxh3 19. Nh2 Kf7 20. Qg4 Qh8 21. Ndf3 Qh7
22. Kg2 Rh8 23. Rh1 Rh5 24. Bd2 Kg7 25. Kf1 Nf8 26. Qe4 f5 27. Qd5 Ng6 28. Qd7
g4 29. Ng5 Rxh2 30. Nxh7 Rxh1+ 31. Ke2 Rxb1 32. Ng5 Rxb2 33. Ne6+ Kf7 34. Nc7
Nd8 35. Qxf5+ Kg7 36. Nd5 Rf8 37. Qh5 Nf7 38. Qxg4 Bxa3 39. Nc7 Nd8 40. Qd7+
Kg8 41. Qg4 Kg7 42. Qd7+ Kg8 43. Qg4 Kg7 1/2-1/2

[Event "Hastings Masters 2019/20"]
[Site "Hastings"]
[Date "2020.01.01"]
[Round "5.13"]
[White "Lehaci, Miruna-Daria"]
[Black "Hebden, Mark L"]
[Result "0-1"]
[WhiteElo "2214"]
[BlackElo "2433"]
[PlyCount "74"]
[EventDate "2019.12.28"]
[EventType "swiss"]
[EventRounds "9"]
[EventCountry "ENG"]

1. d4 Nf6 2. Nf3 g6 3. c4 Bg7 4. g3 c5 5. Bg2 cxd4 6. Nxd4 O-O 7. O-O Nc6 8.
Nc2 d6 9. Nc3 Be6 10. Nd5 Rc8 11. Rb1 Ne5 12. b3 Nxd5 13. cxd5 Bd7 14. h3 Bb5
15. Nd4 Ba6 16. Bb2 Qb6 17. Qd2 Rfe8 18. Rfc1 Nd3 19. exd3 Bxd4 20. Rd1 Rc7 21.
a4 Bxb2 22. Qxb2 Qb4 23. Rd2 Rc3 24. d4 Rec8 25. Bf1 Bxf1 26. Kxf1 Qa5 27. Kg1
Qxd5 28. b4 Qe6 29. Rbd1 Qxh3 30. b5 Qf5 31. Qb1 Qxb1 32. Rxb1 d5 33. Rb4 R8c4
34. Rxc4 Rxc4 35. a5 e6 36. Kg2 Rb4 37. a6 Rxb5 0-1

[Event "Hastings Masters 2019/20"]
[Site "Hastings"]
[Date "2020.01.01"]
[Round "5.14"]
[White "Keetman, Maaike"]
[Black "Cherniaev, Alexander"]
[Result "0-1"]
[WhiteElo "2203"]
[BlackElo "2419"]
[PlyCount "70"]
[EventDate "2019.12.28"]
[EventType "swiss"]
[EventRounds "9"]
[EventCountry "ENG"]

1. e4 c5 2. Nf3 Nc6 3. Bb5 e6 4. Bxc6 bxc6 5. Qe2 Ne7 6. e5 Nf5 7. Qe4 f6 8. b3
Be7 9. Bb2 O-O 10. O-O d6 11. exd6 Qxd6 12. Na3 e5 13. Nc4 Qd5 14. Rfe1 Be6 15.
d3 Rfd8 16. Ne3 Qxe4 17. dxe4 Nd4 18. Nh4 g6 19. c3 Nb5 20. Rad1 Rxd1 21. Rxd1
a5 22. Nf3 a4 23. Nd2 Nd6 24. f3 axb3 25. axb3 Ra2 26. Rb1 Bf8 27. Kf2 c4 28.
bxc4 f5 29. Nc2 Nxc4 30. Nxc4 Bxc4 31. Ke1 Bd3 32. Kd2 fxe4 33. fxe4 Bxe4 34.
g3 Bh6+ 35. Kd1 Kf7 0-1

[Event "Hastings Masters 2019/20"]
[Site "Hastings"]
[Date "2020.01.01"]
[Round "5.15"]
[White "Lalic, Bogdan"]
[Black "Willson, Ollie"]
[Result "1-0"]
[WhiteElo "2414"]
[BlackElo "2082"]
[PlyCount "63"]
[EventDate "2019.12.28"]
[EventType "swiss"]
[EventRounds "9"]
[EventCountry "ENG"]

1. d4 Nf6 2. c4 e6 3. Nc3 Bb4 4. f3 d5 5. a3 Bxc3+ 6. bxc3 c5 7. cxd5 exd5 8.
e3 O-O 9. Bd3 Nc6 10. Ne2 Re8 11. O-O Be6 12. Rb1 b6 13. Nf4 Bd7 14. g4 h6 15.
Rb2 c4 16. Bb1 g5 17. Ng2 Ne7 18. h4 Ng6 19. hxg5 hxg5 20. e4 Nh7 21. exd5 Qe7
22. f4 Qxa3 23. Qf3 Qe7 24. f5 Ngf8 25. f6 Qd6 26. Ne3 Qf4 27. Qg2 Rxe3 28.
Rxf4 gxf4 29. Bxe3 fxe3 30. Qh3 Nxf6 31. Rh2 Ng6 32. Bxg6 1-0

[Event "Hastings Masters 2019/20"]
[Site "Hastings"]
[Date "2020.01.01"]
[Round "5.16"]
[White "Akeya-Price, Robert"]
[Black "Murphy, Conor E"]
[Result "1/2-1/2"]
[WhiteElo "1880"]
[BlackElo "2407"]
[PlyCount "73"]
[EventDate "2019.12.28"]
[EventType "swiss"]
[EventRounds "9"]
[EventCountry "ENG"]

1. d4 d5 2. Nf3 Nf6 3. c4 e6 4. g3 Bb4+ 5. Bd2 Bd6 6. Nc3 c6 7. Qc2 O-O 8. e4
Nxe4 9. Nxe4 dxe4 10. Qxe4 f5 11. Qc2 c5 12. dxc5 Bxc5 13. b4 Be7 14. Rd1 Nc6
15. b5 Nd4 16. Nxd4 Qxd4 17. Bc3 Qc5 18. Bd4 Qa3 19. Qb3 Bb4+ 20. Ke2 Qa5 21.
Bg2 a6 22. Rb1 Be7 23. a4 f4 24. Be5 Bc5 25. gxf4 axb5 26. Qxb5 Qxa4 27. Qxa4
Rxa4 28. Bxb7 Ra2+ 29. Kf3 Rxf2+ 30. Kg3 Re2 31. Bxc8 Rxc8 32. Rb7 Bf8 33. Rc1
Rd8 34. Rc3 Rdd2 35. c5 Rg2+ 36. Kf3 Rxh2 37. c6 1/2-1/2

[Event "Hastings Masters 2019/20"]
[Site "Hastings"]
[Date "2020.01.01"]
[Round "5.17"]
[White "Shivika, Rohilla"]
[Black "Vaishali, Ramesh Babu"]
[Result "0-1"]
[WhiteElo "1744"]
[BlackElo "2376"]
[PlyCount "104"]
[EventDate "2019.12.28"]
[EventType "swiss"]
[EventRounds "9"]
[EventCountry "ENG"]

1. e4 e5 2. Nf3 Nc6 3. Bb5 a6 4. Ba4 Nf6 5. d3 b5 6. Bb3 Bc5 7. O-O d6 8. c3 h6
9. Nbd2 Ba7 10. Re1 O-O 11. Nf1 Be6 12. Bc2 d5 13. Qe2 dxe4 14. dxe4 Nh5 15. b3
Qf6 16. Ng3 Nf4 17. Bxf4 exf4 18. e5 Nxe5 19. Nh5 Nxf3+ 20. Qxf3 Qg5 21. Nxf4
Rae8 22. g3 Bf5 23. h4 Qg4 24. Qxg4 Bxg4 25. Nd5 Bf3 26. Nxc7 Rc8 27. Nxa6 Rxc3
28. Be4 Bxe4 29. Rxe4 Rxg3+ 30. Kf1 Rf3 31. Re2 Rc8 32. Kg2 Rf4 33. Kg3 Rf6 34.
Nb4 Rg6+ 35. Kh2 Rd8 36. Rg1 Rf6 37. Rg2 Rd4 38. Nc2 Rxh4+ 39. Kg1 Rd6 40. Ne3
Bxe3 41. fxe3 Rd1+ 42. Kf2 g5 43. Rc2 Kg7 44. Ke2 Rd6 45. a3 Ra6 46. Rc5 Rxa3
47. Rxb5 Ra2+ 48. Kf3 Rh3+ 49. Rg3 Rh1 50. Rb8 f5 51. Rb7+ Kg6 52. Rb6+ Kh5 0-1

[Event "Hastings Masters 2019/20"]
[Site "Hastings"]
[Date "2020.01.01"]
[Round "5.18"]
[White "Petrov, Vladimir Sergeev"]
[Black "Pavlov, Mikhail"]
[Result "1-0"]
[WhiteElo "2355"]
[BlackElo "1955"]
[PlyCount "67"]
[EventDate "2019.12.28"]
[EventType "swiss"]
[EventRounds "9"]
[EventCountry "ENG"]

1. e4 e6 2. d4 d5 3. Nd2 c5 4. exd5 Qxd5 5. Ngf3 cxd4 6. Bc4 Qd6 7. O-O Nf6 8.
Nb3 Nc6 9. Nfxd4 Nxd4 10. Nxd4 a6 11. Re1 Qc7 12. Bb3 Bd6 13. Nf5 Bxh2+ 14. Kh1
O-O 15. Nxg7 Kxg7 16. Qd4 e5 17. Qh4 Ng4 18. f3 Bf4 19. Bxf4 exf4 20. fxg4 Qd6
21. g5 Bf5 22. Rad1 Qg6 23. Qxf4 Rad8 24. Rxd8 Rxd8 25. Qe5+ Kg8 26. Qf6 Rc8
27. c3 Bc2 28. Bd5 Rf8 29. Qxg6+ Bxg6 30. Bxb7 Rb8 31. Re7 Kf8 32. Rc7 Bf5 33.
b4 Ke8 34. Bxa6 1-0

[Event "Hastings Masters 2019/20"]
[Site "Hastings"]
[Date "2020.01.01"]
[Round "5.20"]
[White "Stoyanov, Viktor"]
[Black "Patrick, Chaski"]
[Result "1-0"]
[WhiteElo "2272"]
[BlackElo "2131"]
[PlyCount "83"]
[EventDate "2019.12.28"]
[EventType "swiss"]
[EventRounds "9"]
[EventCountry "ENG"]

1. d4 Nf6 2. c4 d6 3. Nc3 e5 4. Nf3 exd4 5. Nxd4 Nc6 6. Nxc6 bxc6 7. g3 Bd7 8.
Bg2 Be7 9. O-O O-O 10. Qc2 a5 11. Rd1 Qc8 12. b3 Ra6 13. c5 d5 14. Be3 Bf5 15.
Qd2 Qe6 16. Bd4 Rb8 17. f3 h5 18. e3 Raa8 19. Rac1 Nd7 20. Ne2 g5 21. Ba1 Bf6
22. Nd4 Bxd4 23. Bxd4 f6 24. e4 dxe4 25. fxe4 Bg4 26. Rf1 Ne5 27. h3 Rd8 28.
hxg4 Qxg4 29. Qe3 Qe6 30. Rcd1 Kg7 31. Bc3 Kg6 32. Qf2 Rxd1 33. Qf5+ Qxf5 34.
exf5+ Kf7 35. Rxd1 Re8 36. Bxa5 Ng4 37. Re1 Ra8 38. Bxc7 Rxa2 39. Bxc6 h4 40.
Bf3 Nh2 41. Bh5+ Kg7 42. gxh4 1-0

[Event "Hastings Masters 2019/20"]
[Site "Hastings"]
[Date "2020.01.01"]
[Round "5.21"]
[White "Unnikrishnan, Midhun P"]
[Black "Ratsma, Midas"]
[Result "1-0"]
[WhiteElo "2135"]
[BlackElo "2270"]
[PlyCount "83"]
[EventDate "2019.12.28"]
[EventType "swiss"]
[EventRounds "9"]
[EventCountry "ENG"]

1. Nf3 d5 2. g3 e6 3. c4 d4 4. Bg2 Nf6 5. O-O c5 6. e3 Nc6 7. exd4 cxd4 8. d3
Bd6 9. a3 a5 10. b3 O-O 11. Re1 Re8 12. Ra2 e5 13. Rae2 h6 14. c5 Bc7 15. b4
axb4 16. axb4 Nxb4 17. Nxe5 Ra2 18. Nxf7 Raxe2 19. Rxe2 Kxf7 20. Rxe8 Kxe8 21.
Qe1+ Qe7 22. Qxb4 b6 23. Ba3 bxc5 24. Qxc5 Qe1+ 25. Bf1 Ng4 26. Qf8+ Kd7 27.
Qf7+ Kd8 28. Nd2 Qe5 29. Ne4 Bd7 30. Nc5 Bc6 31. Qg8+ Be8 32. Ne6+ Kd7 33.
Qxg7+ Qxg7 34. Nxg7 Ne5 35. Bh3+ Kd8 36. f4 Ng6 37. Ne6+ Kc8 38. Nxc7+ Kxc7 39.
Bb2 Bb5 40. Bf1 Ne7 41. Bxd4 Nc6 42. Bg7 1-0

[Event "Hastings Masters 2019/20"]
[Site "Hastings"]
[Date "2020.01.01"]
[Round "5.22"]
[White "Lyell, Mark"]
[Black "Pekin, Tolgay"]
[Result "1-0"]
[WhiteElo "2265"]
[BlackElo "2080"]
[PlyCount "95"]
[EventDate "2019.12.28"]
[EventType "swiss"]
[EventRounds "9"]
[EventCountry "ENG"]

1. e4 c5 2. Nc3 Nc6 3. Bb5 Nd4 4. Nf3 Nxb5 5. Nxb5 d6 6. d4 a6 7. Nc3 cxd4 8.
Qxd4 e5 9. Qb4 Nf6 10. Bg5 a5 11. Qb5+ Bd7 12. Qe2 Be7 13. O-O-O Ra6 14. Rd3
Qb8 15. Rhd1 h6 16. Bxf6 gxf6 17. Nh4 Rg8 18. h3 Qc8 19. Nd5 Rc6 20. Qd2 Bd8
21. Ne3 Be6 22. Nhf5 Be7 23. Nxd6+ Bxd6 24. Rxd6 Ke7 25. Nd5+ Bxd5 26. Rxd5 Rc7
27. g4 Qe6 28. Qxa5 Rgc8 29. c3 Kf8 30. Rd8+ Kg7 31. Qb4 Rxd8 32. Rxd8 Re7 33.
Qa3 Re8 34. Rxe8 Qxe8 35. Qb4 Qd7 36. Kc2 Qe6 37. a4 Qa6 38. Qb5 Qa7 39. Kb3 b6
40. c4 Qc7 41. Qd5 h5 42. gxh5 Kh6 43. Kb4 Qa7 44. b3 Kxh5 45. Kb5 Kh4 46. b4
Kxh3 47. Qc6 Kg2 48. Qxb6 1-0

[Event "Hastings Masters 2019/20"]
[Site "Hastings"]
[Date "2020.01.01"]
[Round "5.23"]
[White "Wall, Tim P"]
[Black "Comellas Blanchart, Jordi"]
[Result "1/2-1/2"]
[WhiteElo "2218"]
[BlackElo "2064"]
[PlyCount "43"]
[EventDate "2019.12.28"]
[EventType "swiss"]
[EventRounds "9"]
[EventCountry "ENG"]

1. d4 Nf6 2. Bg5 c5 3. Bxf6 gxf6 4. d5 Qb6 5. Qc1 Bg7 6. c4 f5 7. Nc3 d6 8. e3
Nd7 9. Qc2 O-O 10. Nh3 Nf6 11. Bd3 e6 12. O-O Bd7 13. Rab1 a5 14. e4 fxe4 15.
Nxe4 Nxe4 16. Bxe4 Qd8 17. Rbd1 Qh4 18. Rfe1 Be5 19. f4 Bd4+ 20. Kh1 exd5 21.
Bxd5 Rae8 22. Rxe8 1/2-1/2

[Event "Hastings Masters 2019/20"]
[Site "Hastings"]
[Date "2020.01.01"]
[Round "5.24"]
[White "Brown, Thomas"]
[Black "Ratnesan, Ranesh"]
[Result "1/2-1/2"]
[WhiteElo "2116"]
[BlackElo "2213"]
[PlyCount "86"]
[EventDate "2019.12.28"]
[EventType "swiss"]
[EventRounds "9"]
[EventCountry "ENG"]

1. c4 c5 2. g3 Nc6 3. Bg2 g6 4. Nc3 Bg7 5. e3 e5 6. Nge2 Nge7 7. O-O d6 8. d3
Be6 9. a3 Qd7 10. Nd5 O-O 11. Rb1 Rad8 12. b4 b6 13. b5 Nb8 14. a4 f5 15. a5
Nxd5 16. cxd5 Bf7 17. axb6 axb6 18. Nc3 Qb7 19. Bd2 Nd7 20. Qb3 Ra8 21. Ra1 Ra7
22. Rxa7 Qxa7 23. e4 Be8 24. Qb2 f4 25. Ra1 Qc7 26. Bh3 Nf6 27. Qa2 Bd7 28.
Be6+ Kh8 29. Qa7 Qc8 30. Bxd7 Nxd7 31. Qa6 Qd8 32. Be1 Qg5 33. Qb7 Nf6 34. Qxb6
Qg4 35. Qxd6 Qh3 36. f3 Qh5 37. b6 Qxf3 38. b7 Nd7 39. g4 Qxg4+ 40. Kh1 Qf3+
41. Kg1 Qg4+ 42. Kh1 Qf3+ 43. Kg1 Qg4+ 1/2-1/2

[Event "Hastings Masters 2019/20"]
[Site "Hastings"]
[Date "2020.01.01"]
[Round "5.25"]
[White "Brouwer, Dennis"]
[Black "Anuprita, Patil"]
[Result "1-0"]
[WhiteElo "2202"]
[BlackElo "2025"]
[PlyCount "113"]
[EventDate "2019.12.28"]
[EventType "swiss"]
[EventRounds "9"]
[EventCountry "ENG"]

1. c4 e6 2. Nc3 d5 3. e3 Nf6 4. Nf3 Be7 5. b3 O-O 6. Bb2 b6 7. cxd5 exd5 8. d4
Bb7 9. Bd3 Nbd7 10. O-O Ne4 11. Qc2 Ndf6 12. Rac1 Nxc3 13. Qxc3 Bd6 14. Ne5 Ne4
15. Qc2 f6 16. Bxe4 dxe4 17. Qc4+ Kh8 18. Nf7+ Rxf7 19. Qxf7 Bd5 20. Qh5 c6 21.
Rc2 Qd7 22. f4 a5 23. Bc3 b5 24. Rfc1 Ba3 25. Rb1 Bf8 26. Qd1 Be7 27. Qe1 Bd8
28. Kh1 Bc7 29. Kg1 Bd8 30. Kh1 Bc7 31. Bd2 Bd8 32. Kg1 Bc7 33. Kh1 Bd8 34. h3
Bc7 35. Kg1 Bd8 36. Kh2 Bc7 37. Kh1 Bd8 38. Bc3 Bc7 39. Qh4 Bd6 40. g4 Be7 41.
f5 a4 42. Qe1 Bd6 43. Bb4 Bc7 44. Rbb2 h6 45. Rc3 Bb8 46. Bc5 Bc7 47. bxa4 Rxa4
48. Ra3 Rxa3 49. Bxa3 Kh7 50. Qb4 Qc8 51. Rg2 Qa6 52. Kg1 Ba5 53. Qe7 Be1 54.
Bd6 Bxa2 55. g5 hxg5 56. Rxg5 fxg5 57. Be5 1-0

[Event "Hastings Masters 2019/20"]
[Site "Hastings"]
[Date "2020.01.01"]
[Round "5.26"]
[White "Persson, Andreas"]
[Black "Bin-Suhayl, Ieysaa"]
[Result "1-0"]
[WhiteElo "2112"]
[BlackElo "2187"]
[PlyCount "51"]
[EventDate "2019.12.28"]
[EventType "swiss"]
[EventRounds "9"]
[EventCountry "ENG"]

1. d4 Nf6 2. Nf3 c5 3. d5 e6 4. Nc3 Nxd5 5. Nxd5 exd5 6. Qxd5 Nc6 7. e4 Be7 8.
Bc4 O-O 9. Qh5 Qe8 10. Be3 d6 11. h4 Bf6 12. Ng5 h6 13. O-O-O Ne5 14. Be2 Qc6
15. f4 Bxg5 16. hxg5 Qxe4 17. fxe5 Qxe3+ 18. Kb1 dxe5 19. gxh6 g6 20. h7+ Kh8
21. Qh4 Qf4 22. Qe7 Be6 23. g3 Qf2 24. Rdf1 Rae8 25. Qxf8+ Rxf8 26. Rxf2 1-0

[Event "Hastings Masters 2019/20"]
[Site "Hastings"]
[Date "2020.01.01"]
[Round "5.27"]
[White "Gallagher, Daniel GH"]
[Black "Spanton, Tim R"]
[Result "1-0"]
[WhiteElo "2171"]
[BlackElo "1951"]
[PlyCount "53"]
[EventDate "2019.12.28"]
[EventType "swiss"]
[EventRounds "9"]
[EventCountry "ENG"]

1. b3 b6 2. e4 e5 3. Nf3 Nc6 4. Bb2 f6 5. Bc4 Nge7 6. O-O Na5 7. Be2 Bb7 8. d4
exd4 9. Nxd4 Bxe4 10. Nc3 d5 11. b4 Nac6 12. Nxc6 Nxc6 13. Bb5 Qd7 14. Nxe4
dxe4 15. Qh5+ g6 16. Qh4 O-O-O 17. Bxf6 Be7 18. Bxc6 Qxc6 19. Bxe7 Rd5 20. Qf6
Qe8 21. Qe6+ Rd7 22. Qxe4 Rxe7 23. Qa8+ Kd7 24. Qd5+ Kc8 25. Qa8+ Kd7 26. Rad1+
Ke6 27. Qf3 1-0

[Event "Hastings Masters 2019/20"]
[Site "Hastings"]
[Date "2020.01.01"]
[Round "5.28"]
[White "Balaji, Aaravamudhan"]
[Black "Anderson, John"]
[Result "1-0"]
[WhiteElo "2050"]
[BlackElo "2163"]
[PlyCount "81"]
[EventDate "2019.12.28"]
[EventType "swiss"]
[EventRounds "9"]
[EventCountry "ENG"]

1. d4 d5 2. c4 c6 3. Nc3 Nf6 4. cxd5 cxd5 5. Bf4 Nc6 6. e3 Bf5 7. Qb3 Na5 8.
Qa4+ Bd7 9. Qc2 e6 10. Bd3 Rc8 11. Nf3 Be7 12. O-O O-O 13. Qe2 a6 14. h3 Nc6
15. Rac1 Be8 16. Bh2 Kh8 17. Rfd1 Rg8 18. Ne5 g6 19. Bb1 Nxe5 20. Bxe5 Bd6 21.
e4 dxe4 22. Bxd6 Qxd6 23. Nxe4 Bb5 24. Nxd6 Bxe2 25. Rxc8 Bxd1 26. Nxf7+ Kg7
27. Rxg8+ Nxg8 28. Nd8 Kf6 29. Nxb7 Be2 30. Nc5 Ne7 31. Be4 a5 32. f3 Bb5 33.
Kf2 h6 34. a4 Be8 35. b3 e5 36. dxe5+ Kxe5 37. Nb7 Kd4 38. Nxa5 Kc3 39. Nb7
Kxb3 40. a5 Bb5 41. a6 1-0

[Event "Hastings Masters 2019/20"]
[Site "Hastings"]
[Date "2020.01.01"]
[Round "5.29"]
[White "Sucikova, Svetlana"]
[Black "Salmons, Calum"]
[Result "1-0"]
[WhiteElo "2160"]
[BlackElo "1796"]
[PlyCount "61"]
[EventDate "2019.12.28"]
[EventType "swiss"]
[EventRounds "9"]
[EventCountry "ENG"]

1. e3 d5 2. Nf3 Nf6 3. c4 c6 4. b3 Bf5 5. Bb2 Nbd7 6. Be2 h6 7. O-O e6 8. d4
Be7 9. Nbd2 O-O 10. Ne5 Nxe5 11. dxe5 Ne4 12. Nf3 Qc7 13. Qe1 Nc5 14. Rd1 Bc2
15. Rd2 Be4 16. Qc1 a5 17. Ba1 Nd7 18. Qb2 a4 19. b4 a3 20. Qc3 Ra4 21. cxd5
exd5 22. Rd4 Bxf3 23. gxf3 Qxe5 24. Qc2 Qg5+ 25. Rg4 Rxb4 26. Rxg5 hxg5 27. Qf5
Nc5 28. Rc1 Rd8 29. Rxc5 Bxc5 30. Bd3 g6 31. Qf6 1-0

[Event "Hastings Masters 2019/20"]
[Site "Hastings"]
[Date "2020.01.01"]
[Round "5.30"]
[White "Fishbein, Mitch"]
[Black "Fryer, David W"]
[Result "1/2-1/2"]
[WhiteElo "2151"]
[BlackElo "1913"]
[PlyCount "123"]
[EventDate "2019.12.28"]
[EventType "swiss"]
[EventRounds "9"]
[EventCountry "ENG"]

1. Nf3 Nf6 2. c4 d6 3. d4 Nbd7 4. Nc3 e5 5. e4 c6 6. Be2 Be7 7. O-O O-O 8. d5
cxd5 9. cxd5 a6 10. a4 Nc5 11. Nd2 Qa5 12. Nb3 Nxb3 13. Qxb3 b5 14. Bg5 b4 15.
Nb1 Nxd5 16. Bd2 Nf4 17. Bc4 Rb8 18. Be3 Be6 19. Bxe6 Nxe6 20. Nd2 Qc7 21. Rac1
Qb7 22. f3 Rfc8 23. Nc4 Nc5 24. Bxc5 Rxc5 25. Qd3 Qc6 26. b3 f6 27. Rcd1 Rd8
28. Ne3 Kf8 29. Nd5 a5 30. Rd2 Ke8 31. Rfd1 Bf8 32. Qe2 Rc8 33. Rd3 Rc1 34.
Rxc1 Qxc1+ 35. Rd1 Qc5+ 36. Qf2 Qxf2+ 37. Kxf2 Rc2+ 38. Kf1 Be7 39. Re1 Bd8 40.
Re2 Rc1+ 41. Re1 Rc6 42. Re2 Kd7 43. Ke1 Bb6 44. Kd1 Bc5 45. Rc2 Rc8 46. Ke2
Rf8 47. Kd3 Rf7 48. g4 g6 49. Rg2 Kc6 50. Kc4 Bd4 51. h4 Bc5 52. h5 g5 53. Rc2
Bd4 54. Kd3+ Kb7 55. Rc4 Bf2 56. Rc2 Bg1 57. Kc4 Kc6 58. Kd3+ Kb7 59. Kc4 Kc6
60. Rd2 Bd4 61. Rc2 Rf8 62. Ne7+ 1/2-1/2

[Event "Hastings Masters 2019/20"]
[Site "Hastings"]
[Date "2020.01.01"]
[Round "5.31"]
[White "Flear, Christine"]
[Black "Eames, Robert S"]
[Result "1/2-1/2"]
[WhiteElo "2035"]
[BlackElo "2150"]
[PlyCount "47"]
[EventDate "2019.12.28"]
[EventType "swiss"]
[EventRounds "9"]
[EventCountry "ENG"]

1. d4 Nf6 2. Nf3 d5 3. e3 e6 4. Bd3 c5 5. b3 Nc6 6. a3 cxd4 7. exd4 Bd6 8. O-O
O-O 9. Re1 Qc7 10. Bb2 a6 11. Nbd2 b5 12. Ne5 Bb7 13. f4 g6 14. Qf3 Rae8 15.
Re2 Nh5 16. g3 Nd8 17. Qg4 f5 18. Qh3 Bxe5 19. Rxe5 Nf7 20. Re2 Nd6 21. Nf3 Ne4
22. Ne5 Nhf6 23. Rf1 Qg7 24. Bc1 1/2-1/2

[Event "Hastings Masters 2019/20"]
[Site "Hastings"]
[Date "2020.01.01"]
[Round "5.32"]
[White "Chapman, Matt"]
[Black "De Boer, Bas"]
[Result "1/2-1/2"]
[WhiteElo "1937"]
[BlackElo "2138"]
[PlyCount "48"]
[EventDate "2019.12.28"]
[EventType "swiss"]
[EventRounds "9"]
[EventCountry "ENG"]

1. d4 d5 2. Bf4 c5 3. e3 cxd4 4. exd4 Nc6 5. c3 Bf5 6. Nd2 e6 7. Qb3 Qd7 8.
Ngf3 f6 9. h4 Nh6 10. Be2 Nf7 11. c4 dxc4 12. Nxc4 Bb4+ 13. Kf1 O-O 14. Rd1 Be4
15. Ne3 Rfd8 16. Bc4 Bd5 17. Bxd5 exd5 18. g3 Bf8 19. Rc1 Rac8 20. Kg2 Nh8 21.
h5 Qf7 22. Nf5 Qd7 23. Ne3 Qf7 24. Nf5 Qd7 1/2-1/2

[Event "Hastings Masters 2019/20"]
[Site "Hastings"]
[Date "2020.01.01"]
[Round "5.33"]
[White "Byrn, Carsten"]
[Black "Brozel, Sacha"]
[Result "0-1"]
[WhiteElo "1919"]
[BlackElo "2188"]
[PlyCount "62"]
[EventDate "2019.12.28"]
[EventType "swiss"]
[EventRounds "9"]
[EventCountry "ENG"]

1. d4 Nf6 2. c4 e6 3. Nf3 Bb4+ 4. Bd2 Qe7 5. g3 Nc6 6. Bg2 Bxd2+ 7. Nbxd2 O-O
8. O-O d6 9. a3 a5 10. b3 e5 11. d5 Nb8 12. Qc2 Na6 13. e3 Bg4 14. Rab1 Rfc8
15. b4 axb4 16. axb4 c6 17. dxc6 bxc6 18. h3 Bh5 19. Rfc1 Bg6 20. e4 c5 21.
bxc5 Nxc5 22. Nh4 Ne6 23. Nxg6 hxg6 24. Nb3 Nd7 25. h4 Ndc5 26. Bh3 Nxb3 27.
Qxb3 Nd4 28. Qb7 Qxb7 29. Rxb7 Ne2+ 30. Kf1 Nxc1 31. Bxc8 Rxc8 0-1

[Event "Hastings Masters 2019/20"]
[Site "Hastings"]
[Date "2020.01.01"]
[Round "5.34"]
[White "Jukes, Sam"]
[Black "Graham, David B"]
[Result "0-1"]
[WhiteElo "1906"]
[BlackElo "2152"]
[PlyCount "50"]
[EventDate "2019.12.28"]
[EventType "swiss"]
[EventRounds "9"]
[EventCountry "ENG"]

1. e4 e6 2. d4 d5 3. Nc3 Bb4 4. e5 Ne7 5. a3 Bxc3+ 6. bxc3 c5 7. Nf3 Qa5 8. Bd2
Nbc6 9. h4 Bd7 10. h5 h6 11. Bd3 c4 12. Be2 O-O-O 13. Kf1 Kb8 14. Qc1 Rhf8 15.
g4 f6 16. exf6 Rxf6 17. g5 hxg5 18. Bxg5 Rxf3 19. Bxf3 Qxc3 20. Kg2 Rf8 21. Qe3
Qxc2 22. Bxe7 Nxe7 23. Rhc1 Qf5 24. Re1 Nc6 25. Kg1 Qxf3 0-1